MARC details
| 000 -CABECERA |
| campo de control de longitud fija |
01877nab a2200301 a 4500 |
| 005 - FECHA Y HORA DE LA ÚLTIMA TRANSACCIÓN |
| campo de control |
20250926063857.0 |
| 008 - ELEMENTOS DE LONGITUD FIJA--INFORMACIÓN GENERAL |
| campo de control de longitud fija |
991125c2016 sp fr p o 000 0 spa d |
| 035 ## - NÚMERO DE CONTROL DEL SISTEMA |
| Número de control de sistema |
UPN01000212046 |
| 040 ## - FUENTE DE LA CATALOGACIÓN |
| Centro catalogador/agencia de origen |
UPN |
| Lengua de catalogación |
spa |
| Centro/agencia transcriptor |
UPN |
| Normas de descripción |
aacr2 |
| 049 ## - COLECCIÓN |
| Colección |
ART-E |
| 100 1# - ASIENTO PRINCIPAL--NOMBRE PERSONAL |
| Nombre de persona |
García García, Francisco |
| 100 1# - ASIENTO PRINCIPAL--NOMBRE PERSONAL |
| Filiación |
fghenche@gmail.com |
| 100 1# - ASIENTO PRINCIPAL--NOMBRE PERSONAL |
| Nombre de persona |
Gil Ruiz, Francisco José |
| 100 1# - ASIENTO PRINCIPAL--NOMBRE PERSONAL |
| Filiación |
francisco.gil87@gmail.com |
| 245 13 - MENCIÓN DE TÍTULO |
| Título |
El antihéroe cinematográfico como un modelo ético a través de las virtudes aristotélicas en Taxi Driver |
| 506 0# - NOTA DE RESTRICCIONES AL ACCESO |
| Limitaciones de acceso |
Acceso abierto |
| 520 3# - NOTA DE RESUMEN, ETC. |
| Sumario, etc. |
En este artículo se propone un retrato del antihéroe cinematográfico a partir de Travis Bickle, protagonista de Taxi driver (Scorsese, 1976) , con el fin de determinar la ética del antihéroe cinematográfico. Para ello se indaga en una selección de acontecimientos y/o acciones clave del protagonista de la película desde el punto de vista de la ética aristotélica, concretamente, atendiendo a las virtudes que el autor describe en Ética a Nicómaco (Aristóteles, 2014). Los resultados indican que, en efecto, el antihéroe cinematográfico aquí estudiado no obedece a las virtudes aristotélicas, aunque su existencia es ética en cuanto a que se erige como ejemplo de vida para el espectador, pues la ausencia de virtudes corrobora la necesidad de las mismas. |
| 650 #4 - ASIENTO SECUNDARIO DE MATERIA - TERMINO TEMATICO |
| Término de materia o nombre geográfico como elemento de entrada |
Ética |
| 9 (RLIN) |
12720 |
| 650 #4 - ASIENTO SECUNDARIO DE MATERIA - TERMINO TEMATICO |
| Término de materia o nombre geográfico como elemento de entrada |
Cinematografía |
| 9 (RLIN) |
2549 |
| 650 #2 - ASIENTO SECUNDARIO DE MATERIA - TERMINO TEMATICO |
| Término de materia o nombre geográfico como elemento de entrada |
Virtudes |
| 9 (RLIN) |
14446 |
| 653 0# - TERMINO DE INDIZACION - NO CONTROLADO |
| Término no controlado |
Aristóteles, 384-322 A.C |
| 773 ## - ENLACE AL DOCUMENTO FUENTE/ENTRADA DE REGISTRO ANFITRIÓN |
| Parte(s) relacionada(s) |
Vol. 16, no. 1 (2016), p. 105-127 |
| Título |
Etic@net. Revista científica electrónica de educación y comunicación en la sociedad del conocimiento |
| Número Internacional Normalizado para Publicaciones Seriadas |
1695-324X |
| 856 4# - LOCALIZACIÓN Y ACCESO ELECTRÓNICOS |
| Identificador Uniforme del Recurso |
<a href="https://revistaseug.ugr.es/index.php/eticanet/article/view/11939">https://revistaseug.ugr.es/index.php/eticanet/article/view/11939</a> |
| 856 4# - LOCALIZACIÓN Y ACCESO ELECTRÓNICOS |
| Identificador Uniforme del Recurso |
<a href="https://doi.org/10.30827/eticanet.v16i1.11939">https://doi.org/10.30827/eticanet.v16i1.11939</a> |
| 902 ## - ELEMENTOS DE DATOS B LOCAL, LDB (RLIN) |
| Creó |
Gloria Jiménez/210325 |
| 905 ## - TIPO DE MATERIAL |
| Tipo de material |
Articulo |
| 942 ## - ELEMENTOS DE PUNTO DE ACCESO ADICIONAL (KOHA) |
| Tipo de ítem Koha |
Artículo Electrónico |